00681cam a2200181 a 45000010009000000050017000090080041000260200022000670500025000890820016001141000031001302450072001612500012002332600035002453000057002808560087003378560075004241227735820250218125119.0010112s2001 mauab b 001 0 eng  a0767420314 (pbk.)00aBS2330.2b.H326 200200a225.6/12211 aHarris, Stephen L.,d1937-14aThe New Testament :ba student's introduction /cStephen L. Harris. a4th ed. aBoston :bMcGraw-Hill,cc2002. axix, 480 p. :bill. (some col.), col. maps ;c24 cm.423Publisher descriptionuhttp://www.loc.gov/catdir/description/mh024/2001016414.html413Table of contentsuhttp://www.loc.gov/catdir/toc/mh023/2001016414.html